Das Jugendhaus im Leben seiner Besucher: e. Analyse d. Lebenswelt von Arbeiterjugendlichen

Gespeichert in:  
Bibliographische Detailangaben
1. VerfasserIn: Strack, Gerhold 1949- (Verfasst von)
Körperschaft: Deutsches Jugendinstitut (BeteiligteR)
Medienart: Druck Buch
Sprache:Deutsch
Veröffentlicht: Weinheim [u.a.] Juventa-Verl. c 1987
In:Jahr: 1987
Online-Zugang: Inhaltsverzeichnis
Inhaltsverzeichnis
Verfügbarkeit prüfen: HBZ Gateway
Subito Bestelldienst: Jetzt bestellen.
Schlagwörter:

MARC

LEADER 00000cam a2200000 c 4500
001 273966766
003 DE-627
005 20260206194241.0
007 tu
008 891023s1987 gw ||||| 00| ||ger c
015 |a 88,A23,0304  |2 dnb 
016 7 |a 880597208  |2 DE-101 
020 |a 387966286X  |9 3-87966-286-X 
035 |a (DE-627)273966766 
035 |a (DE-603)005942047 
035 |a (DE-576)018861679 
035 |a (DE-599)GBV273966766 
035 |a (OCoLC)242242953 
035 |a (OCoLC)18741212 
035 |a (OCoLC)242242953 
035 |a (OCoLC)611937352 
040 |a DE-627  |b ger  |c DE-627  |e rakwb 
041 |a ger 
044 |c XA-DE 
084 |a SOP 1760  |2 sfb 
084 |a 14  |2 sdnb 
084 |a DS 7140  |2 rvk  |0 (DE-625)rvk/19959: 
084 |a MS 2350  |2 rvk  |0 (DE-625)rvk/123636: 
084 |a DG 8500  |2 rvk  |0 (DE-625)rvk/19562: 
100 1 |a Strack, Gerhold  |d 1949-  |0 (DE-588)1028646798  |0 (DE-627)731455088  |0 (DE-576)376165359  |4 aut 
109 |a Strack, Gerhold 1949- 
245 1 4 |a Das Jugendhaus im Leben seiner Besucher  |b e. Analyse d. Lebenswelt von Arbeiterjugendlichen  |c Gerhold Strack. [DJI, Dt. Jugendinst.] 
264 1 |a Weinheim [u.a.]  |b Juventa-Verl.  |c c 1987 
300 |a 272 S. 
336 |a Text  |b txt  |2 rdacontent 
337 |a ohne Hilfsmittel zu benutzen  |b n  |2 rdamedia 
338 |a Band  |b nc  |2 rdacarrier 
490 0 |a DJI-Forschungsbericht 
500 |a Literaturverz. S. 259 - 272 
505 8 |a Literaturverz. S. 259 - 272 
505 8 |a Literaturverz. S. 259 - 272 
583 1 |a Archivierung/Langzeitarchivierung gewährleistet  |f PEBW  |x XA-DE-BW  |2 pdager  |5 DE-31 
689 0 0 |d b  |0 (DE-588)2097004-3  |0 (DE-627)709057628  |0 (DE-576)192904760  |a Jugendhaus Herbede  |2 gnd 
689 0 1 |d s  |0 (DE-588)4002588-3  |0 (DE-627)106392743  |0 (DE-576)208847820  |a Arbeiterjugend  |2 gnd 
689 0 2 |d s  |0 (DE-588)4034929-9  |0 (DE-627)106250310  |0 (DE-576)209009756  |a Lebenswelt  |2 gnd 
689 0 |5 DE-101 
710 2 |a Deutsches Jugendinstitut  |0 (DE-588)1005538-1  |0 (DE-627)103060642  |0 (DE-576)191162442  |4 oth 
856 4 2 |u https://digitale-objekte.hbz-nrw.de/storage/2008/11/09/file_15/2656238.pdf  |m V:DE-605  |m X:migimw  |q application/pdf  |v 2025-07-00  |3 Inhaltsverzeichnis  |7 1 
856 4 2 |u http://scans.hebis.de/HEBCGI/show.pl?00594204_toc.pdf  |m V:DE-605  |q application/pdf  |3 Inhaltsverzeichnis  |7 1 
889 |w (DE-627)015912914 
935 |i mdedup 
935 |i Blocktest 
935 |h HEB  |i 0501 
935 |h HEB  |i 0503 
936 r v |a DS 7140  |b Prävention in der Jugendhilfe (Jugendarbeit, Jugendpflege, Freizeitbetreuung, -beratung)  |k Pädagogik  |k Sozialpädagogik, Sozialarbeit  |k Berufsfelder  |k Jugendhilfe  |k Prävention in der Jugendhilfe (Jugendarbeit, Jugendpflege, Freizeitbetreuung, -beratung)  |0 (DE-627)1270705717  |0 (DE-625)rvk/19959:  |0 (DE-576)200705717 
936 r v |a MS 2350  |b Jugend, Kultur und Freizeit  |k Soziologie  |k Spezielle Soziologien  |k Jugendsoziologie  |k Jugend, Kultur und Freizeit  |0 (DE-627)1270710834  |0 (DE-625)rvk/123636:  |0 (DE-576)200710834 
936 r v |a DG 8500  |b Sozialpädagogik (Sozialarbeit, Sozialhilfe), Sozialerziehung (Gruppenpädagogik, Jugendarbeit)  |k Pädagogik  |k Spezialfragen der Erziehung  |k Sozialpädagogik (Sozialarbeit, Sozialhilfe), Sozialerziehung (Gruppenpädagogik, Jugendarbeit)  |0 (DE-627)1270769510  |0 (DE-625)rvk/19562:  |0 (DE-576)200769510 
936 s n |a d100  |2 mzub 
936 s n |a m200  |2 mzub 
951 |a BO 
ELC |b 1 
LOK |0 000 xxxxxcx a22 zn 4500 
LOK |0 001 3328105158 
LOK |0 003 DE-627 
LOK |0 004 273966766 
LOK |0 005 20151116140039 
LOK |0 008 150728||||||||||||||||ger||||||| 
LOK |0 035   |a (DE-21-110)kd10425 
LOK |0 040   |a DE-21-110  |c DE-627  |d DE-21-110 
LOK |0 689   |a s  |a Lebenswelt 
LOK |0 689   |a s  |a Jugendhaus 
LOK |0 689   |a s  |a Arbeiterjugendliche 
LOK |0 852   |z Kein Bestand am IfK; Nachweis für KrimDok 
LOK |0 852   |a DE-21-110 
LOK |0 852 1  |9 00 
LOK |0 935   |a k110 
LOK |0 939   |a 28-07-15  |b l01 
ORI |a SA-MARC-krimdoka001.raw